[Event "Hamburg-ch Seniors 23rd"]
[Site "Hamburg"]
[Date "2016.11.10"]
[Round "9"]
[White "Berking, Bernhard"]
[Black "Ptitsyn, Vadim"]
[Result "0-1"]
[WhiteElo "1626"]
[BlackElo "1666"]
[PlyCount "102"]
[EventDate "2016.11.02"]
[EventType "swiss"]
[EventRounds "9"]
[EventCountry "GER"]
[SourceTitle "EXT 2019"]
[Source "ChessBase"]
[SourceDate "2018.10.10"]
[SourceVersion "1"]
[SourceVersionDate "2018.10.10"]
[SourceQuality "1"]

1. c4 Nf6 2. Nc3 e5 3. g3 d6 4. Bg2 c6 5. Nf3 Be7 6. 0-0 0-0 7. d3 Na6 8. a3 Nc5 9. b4 Ne6 10. Bb2 Qc7 11. Qc2 b6 12. Rad1 Bb7 13. d4 exd4 14. Nxd4 Rad8 15. Nf5 g6 16. Nxe7+ Qxe7 17. Ne4 Nxe4 18. Bxe4 f5 19. Bg2 Rfe8 20. Qc3 Qg7 21. Qc2 Qe7 22. e3 Ng5 23. Qc3 Qe5 24. Qb3 Qe7 25. b5 Ne4 26. bxc6 Bxc6 27. c5+ Qe6 28. Qxe6+ Rxe6 29. cxb6 axb6 30. Rd4 d5 31. Rc1 Red6 32. f3 Nc5 33. Rc2 Kf7 34. Kf2 Bb5 35. Bf1 Bxf1 36. Kxf1 Ne6 37. Ra4 d4 38. e4 fxe4 39. fxe4 Nc5 40. Ra7+ R6d7 41. Rf2+ Ke6 42. Rxd7 Rxd7 43. Rf8 Nxe4 44. Rb8 Nd2+ 45. Ke2 Nc4 46. Bc1 d3+ 47. Kd1 d2 48. Re8+ Kf7 49. Re2 dxc1Q+ 50. Kxc1 Nxa3 51. Kb2 Rd2+ 0-1

[Event "GER-ch Seniors 23rd"]
[Site "Halle"]
[Date "2011.08.13"]
[Round "9"]
[White "Ptitsyn, Vadim"]
[Black "Wiebke, Elfriede"]
[Result "1-0"]
[WhiteElo "1747"]
[BlackElo "1397"]
[PlyCount "149"]
[EventDate "2011.08.05"]
[EventType "swiss"]
[EventRounds "9"]
[EventCountry "GER"]
[SourceTitle "CBM 144 Extra"]
[Source "ChessBase"]
[SourceDate "2011.10.28"]
[SourceVersion "1"]
[SourceVersionDate "2011.10.28"]
[SourceQuality "1"]

1. e4 c5 2. Nf3 Nc6 3. c3 Nf6 4. Bd3 e5 5. Bc2 d6 6. h3 h6 7. 0-0 b5 8. d4 cxd4 9. cxd4 exd4 10. Nxd4 Qb6 11. Be3 d5 12. Nf3 Bc5 13. Bxc5 Qxc5 14. e5 Ne4 15. Nbd2 0-0 16. Nxe4 dxe4 17. Bxe4 Qc4 18. Bd5 Qc5 19. Rc1 Qe7 20. Bxc6 Bb7 21. Bxb7 Qxb7 22. Qd6 Rad8 23. Qc6 Rb8 24. Qxb7 Rxb7 25. Rc5 a6 26. Rc6 a5 27. a3 a4 28. Rd1 Kh7 29. Rd4 f6 30. e6 Re8 31. Rd7 Rxe6 32. Rxg7+ Kxg7 33. Rxe6 Rc7 34. Nd4 Rc5 35. Rb6 Kg6 36. Nxb5 Rc1+ 37. Kh2 Rc2 38. Nc3 Rxf2 39. Kg3 Rd2 40. Ne4 Rd3+ 41. Kf2 Kf5 42. Nxf6 Rd2+ 43. Kf3 Rd3+ 44. Ke2 Rg3 45. Kf2 Rd3 46. Ng8 h5 47. Rb5+ Kg6 48. Ne7+ Kh6 49. Nd5 Rd2+ 50. Kf3 Rd3+ 51. Ke2 Rd4 52. Ke3 Rd1 53. Nf4 Re1+ 54. Kf2 Re8 55. Rxh5+ Kg7 56. Ra5 Rf8 57. g3 Rc8 58. Ne6+ Kf6 59. Nc5 Kg6 60. Nxa4 Rf8+ 61. Ke3 Re8+ 62. Kf3 Rf8+ 63. Kg4 Rd8 64. Ra6+ Kf7 65. Nc3 Rg8+ 66. Kf4 Rd8 67. Kf5 Ke7 68. Ke5 Kf7 69. Nd5 Re8+ 70. Kf5 Kg7 71. Ra7+ Kf8 72. Kf6 Rc8 73. Ne7 Rd8 74. Ng6+ Ke8 75. Re7# 1-0

[Event "GER-ch Seniors 23rd"]
[Site "Halle"]
[Date "2011.08.08"]
[Round "4"]
[White "Ollek, Karl Heinz"]
[Black "Ptitsyn, Vadim"]
[Result "1-0"]
[WhiteElo "1803"]
[BlackElo "1747"]
[PlyCount "65"]
[EventDate "2011.08.05"]
[EventType "swiss"]
[EventRounds "9"]
[EventCountry "GER"]
[SourceTitle "CBM 144 Extra"]
[Source "ChessBase"]
[SourceDate "2011.10.28"]
[SourceVersion "1"]
[SourceVersionDate "2011.10.28"]
[SourceQuality "1"]

1. c4 d6 2. Nc3 g6 3. g3 Bg7 4. Bg2 Nf6 5. Nf3 0-0 6. e4 c5 7. 0-0 Nc6 8. Re1 Qc7 9. d3 a6 10. Bg5 Bg4 11. Bxf6 exf6 12. Nd5 Qd8 13. Qd2 Ne7 14. b4 Nxd5 15. cxd5 Bxf3 16. Bxf3 f5 17. Rab1 fxe4 18. dxe4 b6 19. Be2 Bd4 20. Kg2 Qd7 21. f3 f5 22. Bd3 fxe4 23. Bxe4 Qg7 24. Rbc1 b5 25. bxc5 Bxc5 26. Rxc5 dxc5 27. d6 Rad8 28. Bd5+ Kh8 29. Re7 Rd7 30. Rxg7 Kxg7 31. Be6 Rdd8 32. d7 Rf6 33. Qd6 1-0

[Event "GER-ch Seniors 23rd"]
[Site "Halle"]
[Date "2011.08.05"]
[Round "1"]
[White "Ptitsyn, Vadim"]
[Black "Gudat, Alfons"]
[Result "0-1"]
[WhiteElo "1747"]
[BlackElo "2047"]
[PlyCount "57"]
[EventDate "2011.08.05"]
[EventType "swiss"]
[EventRounds "9"]
[EventCountry "GER"]
[SourceTitle "CBM 144 Extra"]
[Source "ChessBase"]
[SourceDate "2011.10.28"]
[SourceVersion "1"]
[SourceVersionDate "2011.10.28"]
[SourceQuality "1"]

1. d4 Nf6 2. c4 c5 3. e3 g6 4. Nf3 Bg7 5. Nc3 cxd4 6. exd4 d5 7. h3 0-0 8. Be3 Nc6 9. Bd3 Nb4 10. Bb1 dxc4 11. Qa4 a5 12. a3 Bd7 13. Qd1 Nbd5 14. 0-0 b5 15. Ne5 Rc8 16. Ba2 e6 17. Qe2 Qb6 18. Rfc1 Rc7 19. Rab1 Bc8 20. Qd2 Nxe3 21. fxe3 Bb7 22. b3 Ne4 23. Nxe4 Bxe4 24. Rb2 Bxe5 25. dxe5 Rd7 26. Qf2 cxb3 27. Rxb3 Rfd8 28. Rbc3 Rd2 29. Qf6 0-1

[Event "Leipzig VfB op 16th"]
[Site "Leipzig"]
[Date "2009.04.02"]
[Round "5"]
[White "Sonntag, Hermann"]
[Black "Ptitsyn, Vadim"]
[Result "1-0"]
[WhiteElo "2065"]
[BlackElo "1804"]
[PlyCount "51"]
[EventDate "2009.03.31"]
[EventType "swiss"]
[EventRounds "9"]
[EventCountry "GER"]
[SourceTitle "EXT 2010"]
[Source "ChessBase"]
[SourceDate "2010.11.25"]
[SourceVersion "1"]
[SourceVersionDate "2010.11.25"]
[SourceQuality "1"]

1. e4 e5 2. Nc3 a6 3. Nf3 Nc6 4. a4 Bc5 5. Bc4 Nf6 6. d3 0-0 7. h3 h6 8. 0-0 d6 9. Ne2 Bd7 10. c3 Na5 11. Ba2 Ba7 12. b4 Nc6 13. Ng3 Qc8 14. Kh2 Ne7 15. d4 Ng6 16. Be3 Qe8 17. Bb1 Kh7 18. Bc2 Qe7 19. Qd2 c6 20. Nf5 Bxf5 21. exf5 Nh8 22. dxe5 dxe5 23. Bxa7 Rxa7 24. Qe3 Raa8 25. Nxe5 Nd5 26. f6+ 1-0

[Event "Leipzig VfB op 15th"]
[Site "Leipzig"]
[Date "2008.03.01"]
[Round "8"]
[White "Pauscher, Wolfgang"]
[Black "Ptitsyn, Vadim"]
[Result "0-1"]
[WhiteElo "1845"]
[BlackElo "1480"]
[PlyCount "104"]
[EventDate "2008.02.26"]
[EventType "swiss"]
[EventRounds "9"]
[EventCountry "GER"]
[SourceTitle "CBM 123 Extra"]
[Source "ChessBase"]
[SourceDate "2008.05.06"]
[SourceVersion "1"]
[SourceVersionDate "2008.05.06"]
[SourceQuality "1"]

1. e4 e5 2. Nf3 Nc6 3. Bc4 Be7 4. d4 d6 5. Nc3 Nf6 6. d5 Na5 7. Bb5+ Bd7 8. Bd3 b6 9. 0-0 0-0 10. h3 Ne8 11. Nh2 f5 12. f4 fxe4 13. Bxe4 exf4 14. Bxf4 Nf6 15. Bd3 Qe8 16. Bg5 Nb7 17. Re1 Qf7 18. Rf1 Nc5 19. Be2 Qg6 20. Bh4 Rae8 21. Bxf6 Bxh3 22. Bg4 Bxg4 23. Qxg4 Qxg4 24. Nxg4 Bxf6 25. Nxf6+ Rxf6 26. Rxf6 gxf6 27. Nb5 a6 28. Nc3 Kf7 29. Kf1 Ne4 30. Ne2 f5 31. Rd1 b5 32. Rd3 a5 33. Nd4 b4 34. Nxf5 Kf6 35. Nd4 Kg6 36. Ne6 Re7 37. Nd4 Re5 38. Nf3 Rf5 39. Kg1 Rh5 40. c4 bxc3 41. bxc3 Rh1+ 42. Kxh1 Nf2+ 43. Kg1 Nxd3 44. Nd4 Kf6 45. Nc6 a4 46. a3 Ne5 47. Nb4 Nc4 48. Nc2 Ke5 49. Kf2 Kxd5 50. Ke2 Ke4 51. g3 c5 52. g4 h6 0-1

[Event "Leipzig VfB op 15th"]
[Site "Leipzig"]
[Date "2008.02.29"]
[Round "5"]
[White "Ptitsyn, Vadim"]
[Black "Kreyssig, Robert"]
[Result "1/2-1/2"]
[WhiteElo "1480"]
[BlackElo "1769"]
[PlyCount "103"]
[EventDate "2008.02.26"]
[EventType "swiss"]
[EventRounds "9"]
[EventCountry "GER"]
[SourceTitle "CBM 123 Extra"]
[Source "ChessBase"]
[SourceDate "2008.05.06"]
[SourceVersion "1"]
[SourceVersionDate "2008.05.06"]
[SourceQuality "1"]

1. d4 d5 2. Nf3 Nf6 3. e3 Bf5 4. c4 c6 5. Nc3 e6 6. Nh4 Bg6 7. g3 Bb4 8. Bd2 Nbd7 9. a3 Be7 10. Nxg6 hxg6 11. cxd5 Nxd5 12. Bg2 N7f6 13. Qe2 Qd7 14. Rc1 Nxc3 15. Bxc3 Nd5 16. Bd2 Rc8 17. Qd3 Bd6 18. f4 0-0 19. Bf3 c5 20. e4 Nb6 21. dxc5 Rxc5 22. Rxc5 Bxc5 23. Qxd7 Nxd7 24. Ke2 Bd4 25. Rb1 Rc8 26. Kd3 e5 27. b4 Nb6 28. Rb3 Nc4 29. Bc3 b5 30. Bxd4 Rd8 31. Ke2 Rxd4 32. Kf2 Rd2+ 33. Be2 exf4 34. gxf4 Rd4 35. Bxc4 Rxc4 36. Ke3 Rc2 37. h3 Rc4 38. Kd3 Kf8 39. Rc3 Rxc3+ 40. Kxc3 Ke7 41. Kd4 Kd6 42. h4 a6 43. Ke3 Kc6 44. Kd3 Kc7 45. Kc3 Kd7 46. Kd4 Kd6 47. e5+ Kc6 48. Ke4 Kc7 49. Kd5 Kd7 50. Kd4 Kd8 51. Ke4 Ke8 52. Kd5 1/2-1/2

[Event "Leipzig VfB op 15th"]
[Site "Leipzig"]
[Date "2008.02.27"]
[Round "2"]
[White "Lehmann, Lothar"]
[Black "Ptitsyn, Vadim"]
[Result "1-0"]
[WhiteElo "1977"]
[BlackElo "1480"]
[PlyCount "55"]
[EventDate "2008.02.26"]
[EventType "swiss"]
[EventRounds "9"]
[EventCountry "GER"]
[SourceTitle "CBM 123 Extra"]
[Source "ChessBase"]
[SourceDate "2008.05.06"]
[SourceVersion "1"]
[SourceVersionDate "2008.05.06"]
[SourceQuality "1"]

1. b4 d5 2. Bb2 Bf5 3. e3 Nd7 4. Nf3 Ngf6 5. Be2 c6 6. 0-0 Qc7 7. Nh4 Bg6 8. f4 e6 9. a3 Be7 10. c4 0-0 11. Nc3 h6 12. Nxg6 fxg6 13. Qc2 Rf7 14. Qxg6 Nf8 15. Qc2 g6 16. Rac1 Qd7 17. Bd3 Rd8 18. cxd5 exd5 19. Bxg6 Nxg6 20. Qxg6+ Rg7 21. Qd3 Qg4 22. Rf2 h5 23. Qe2 Qg6 24. f5 Qg5 25. Na4 Kh7 26. Bxf6 Bxf6 27. Nc5 Re7 28. Ne6 1-0

[Event "Leipzig VfB op 14th"]
[Site "Leipzig"]
[Date "2007.03.25"]
[Round "9"]
[White "Ptitsyn, Vadim"]
[Black "Schmiedek, Jens"]
[Result "1/2-1/2"]
[WhiteElo "1448"]
[BlackElo "1816"]
[PlyCount "63"]
[EventDate "2007.03.20"]
[EventType "swiss"]
[EventRounds "9"]
[EventCountry "GER"]
[SourceTitle "EXT 2008"]
[Source "ChessBase"]
[SourceDate "2007.11.25"]
[SourceVersion "1"]
[SourceVersionDate "2007.11.25"]
[SourceQuality "1"]

1. d4 c6 2. e4 d5 3. e5 e6 4. Bd3 Nd7 5. Nf3 Ne7 6. c3 Ng6 7. b4 Be7 8. Nbd2 Nf4 9. Bf1 0-0 10. Nb3 Ng6 11. Bd3 b6 12. Be3 a5 13. a3 a4 14. Nc1 b5 15. h4 f5 16. Ng5 Nb6 17. Qh5 Bxg5 18. hxg5 Kf7 19. f4 Nc4 20. Bxc4 dxc4 21. Kf2 Bb7 22. Ne2 Rh8 23. Qf3 Qd5 24. Qxd5 cxd5 25. Rh3 Rag8 26. Rg1 Nf8 27. g4 g6 28. gxf5 exf5 29. Rh6 Bc8 30. Rgh1 Be6 31. Ng1 Rg7 32. Nf3 1/2-1/2

[Event "Leipzig VfB op 14th"]
[Site "Leipzig"]
[Date "2007.03.20"]
[Round "1"]
[White "Herrmann, Markus"]
[Black "Ptitsyn, Vadim"]
[Result "1/2-1/2"]
[WhiteElo "2057"]
[BlackElo "1448"]
[PlyCount "87"]
[EventDate "2007.03.20"]
[EventType "swiss"]
[EventRounds "9"]
[EventCountry "GER"]
[SourceTitle "EXT 2008"]
[Source "ChessBase"]
[SourceDate "2007.11.25"]
[SourceVersion "1"]
[SourceVersionDate "2007.11.25"]
[SourceQuality "1"]

1. e4 e5 2. Nf3 Nc6 3. Bb5 a6 4. Ba4 Nf6 5. 0-0 Be7 6. Re1 b5 7. Bb3 0-0 8. c3 d6 9. h3 Na5 10. Bc2 c5 11. d4 Qc7 12. Nbd2 Nc6 13. dxe5 dxe5 14. Nf1 h6 15. Ne3 Be6 16. Nh2 Rad8 17. Qf3 Rfe8 18. Nhg4 Nxg4 19. hxg4 Bf8 20. Nf5 f6 21. Qh3 Qf7 22. b3 Ne7 23. Be3 Ng6 24. g3 Rd7 25. Kg2 Red8 26. Rh1 a5 27. Qh5 Nh8 28. Qh2 Ng6 29. Rhb1 Rc8 30. Qh1 Ne7 31. Qe1 Nc6 32. a4 b4 33. c4 Rcd8 34. Rd1 Kh7 35. Rxd7 Rxd7 36. Qh1 Kg8 37. Rf1 Nd4 38. Bd1 Qg6 39. Qh3 Qh7 40. Rh1 Qg6 41. Bc1 Qf7 42. Rf1 Qg6 43. Kh2 Qh7 44. Rh1 1/2-1/2